| 000 | 01434cam a2200373 a 4500 | ||
|---|---|---|---|
| 003 | CHAP | ||
| 005 | 20220817043548.0 | ||
| 008 | 990630d1998 mx ab r 00010 spa d | ||
| 010 | _a78503 | ||
| 011 | _a79475 | ||
| 020 | _a9684963386 | ||
| 035 | _a89728 | ||
| 040 | _cCHAP | ||
| 082 | 0 | 4 |
_a497.9745 _bC5 |
| 100 | 0 | 0 |
_aCifuentes, Bárbara. _923274 |
| 245 | 1 | 0 |
_aLetras sobre voces : _bmultilingüismo a través de la historia _c/por Bárbara Cifuentes |
| 260 |
_aMéxico, D.F. : _bCentro de Investigaciones y Estudios Superiores en Antropología Social, _c1998. |
||
| 300 |
_a340 p. : _bilus. ; mapas |
||
| 410 | 2 | _aCentro de Investigaciones y Estudios Superiores en Antropología Social. México | |
| 490 | 0 | _aHistoria de los pueblos indígenas de México | |
| 590 |
_aBATCH-UPD _b10 _c20130110 _lUCH01 _h0409 |
||
| 590 |
_aBATCH-UPD _b10 _c20130410 _lUCH01 _h0044 |
||
| 590 |
_aBATCH-UPD _b10 _c20130914 _lUCH01 _h0909 |
||
| 590 |
_aCONVERSION _b10 _c20130109 _lUCH01 _h1343 |
||
| 650 | 1 | 4 |
_aIndios de México _xLenguas. _957631 |
| 650 | 1 | 4 |
_aMéxico _xHistoria _xColonia. _976754 |
| 700 | 0 |
_aGarcía, Lucina. _946793 |
|
| 810 | 2 | _aCentro de Investigaciones y Estudios Superiores en Antropología Social. México | |
| 830 | 0 |
_aHistoria de los pueblos indígenas de México _955621 |
|
| 901 | _aBK | ||
| 905 | _aMayto Villalobos S. | ||
| 942 | _cLIBRO | ||
| 949 |
_a497.9745 C5 _bBC _cLIBRO _d33724000941084 _eLIBRO _h95547 _i89728 _si |
||
| 999 |
_c78503 _d78503 |
||